Subdivision capitals closest to Warsaw (PL) - Statistics

General Stats
  • This quiz has been taken 26 times
  • The average score is 16 of 20
Answer Stats
Distance (km) Answer % Correct
16 283 Gdańsk
100%
14 278 Poznań
100%
17 301 Wrocław
100%
12 259 Katowice
94%
10 253 Kraków
94%
1 118 Łódź
94%
2 153 Lublin
94%
8 226 Bydgoszcz
89%
5 176 Białystok
83%
9 248 Hrodna
83%
4 175 Olsztyn
83%
6 184 Toruń
83%
7 189 Brest
78%
3 154 Kielce
78%
11 254 Rzeszów
78%
13 276 Opole
72%
15 278 Kalinjingrad
67%
20 327 Ostrava
56%
18 302 Marijampolė
39%
19 314 Alytus
33%
No matching quizzes found
Score Distribution
Percent of People with Each Score
Percentile by Number Answered
Your Score History
You have not taken this quiz